|
|
|
|
| LEADER |
00000nbm0a2200000 4500 |
| 001 |
71251 |
| 005 |
20231031082439.0 |
| 035 |
|
|
|a (RuTPU)RU\TPU\book\75857
|
| 090 |
|
|
|a 71251
|
| 100 |
|
|
|a 20041211d1981 k y0rusy50 ca
|
| 101 |
0 |
|
|a rus
|
| 102 |
|
|
|a RU
|
| 105 |
|
|
|a a m 001zy
|
| 200 |
1 |
|
|a Исследование флуктуации и корреляции в электромагнитных каскадах численными методами
|e диссертация на соискание ученой степени кандидата физико-математических наук
|e Спец. 01.04.16.
|f В. В. Ветошкин
|g Томский политехнический институт; науч. рук.: А. М. Кольчужкин
|
| 210 |
|
|
|a Томск
|c [Б. и.]
|d 1981
|
| 215 |
|
|
|a 86 л.
|c ил.
|
| 320 |
|
|
|a Библиогр.: с. 79-86 (77 назв.)
|
| 610 |
1 |
|
|a физика
|
| 610 |
1 |
|
|a атомное ядро
|
| 610 |
1 |
|
|a элементарные частицы
|
| 610 |
1 |
|
|a флуктуация
|
| 610 |
1 |
|
|a корреляция
|
| 610 |
1 |
|
|a магнитные каскады
|
| 610 |
1 |
|
|a численные методы
|
| 610 |
1 |
|
|a диссертации
|
| 675 |
|
|
|a 539.124(048)
|v 3
|
| 686 |
|
|
|a 01.04.16.
|2 oksvnk
|
| 700 |
|
1 |
|a Ветошкин
|b В. В.
|g Виктор Васильевич
|
| 702 |
|
1 |
|a Кольчужкин
|b А. М.
|4 727
|
| 712 |
0 |
2 |
|a Томский политехнический институт
|2 stltpush
|3 (RuTPU)RU\TPU\col\1123
|
| 801 |
|
1 |
|a RU
|b 63413507
|c 20041211
|g PSBO
|
| 801 |
|
2 |
|a RU
|b 63413507
|c 20090427
|g PSBO
|
| 942 |
|
|
|c BK
|